LEADER 01131nam a2200265 u 4500 001 000000089327 003 CaOOAMICUS 005 20070226124615.0 008 051117s1962 fr u000 u fre u 035 $a11069199 040 $aPUL(R)$bita 100 1 $aRiché, Pierre,$d1921-$0(OLS)http://pul/name/9114 245 10$aÉducation et culture dans l'occident barbare :$bVIe - VIIIe siècles /$cpar Pierre Riché. 260 $aParis :$bÉditions du Seuil,$c1962. 300 $a573 p. ;$c21 cm 490 1 $aPatristica Sorbonensia ;$v4 500 $aComprende indici. 504 $aBibliografia: p. 27-40. 650 4$aEducazione$xStoria$yEvo medio.$0(OLS)http://pul/subject/29294 830 0$aPatristica Sorbonensia ;$v4.$0(OLS)http://pul/title/5805 850 $aPUL 852 $aPUL$W1$xDP1 Fondo Pastorale$y55$mP10 E 11$j112960$nBK-PRI$b $qFondi$B112960$CPULBib$Z2$F112960 $HPUL2123 $81 941 1 $a1 996 $6245$aÉducation et culture dans l'occident barbare :$bVIe - VIIIe siècles$9(OLS)http://pul/title/115359 996 $6260$aParis :$bÉditions du Seuil$9(OLS)http://pul/publisher/54032 LEADER 01465nam a2200325 i 4500 001 000000105347 003 CaOOAMICUS 005 20070529104022.0 008 070529s1995 it 000 u ita c 020 $a88-311-3123-0 040 $aPUL$bita$dES 041 1 $aita$hgrc 100 0 $aOrigenes,$d184-253.$0(OLS)http://pul/name/1274 245 10$aOmelie su Geremia /$cOrigene ; introduzione, traduzione e note a cura di Luciana Mortari. 260 $aRoma :$bCittà Nuova,$cc1995. 300 $a353 p. ;$c20 cm 490 1 $aCollana di testi patristici ;$v123 500 $aSul front.: Anche oggi nelle Scritture sante spirano parole di pienezza. (L. II, 2, 41) 700 1 $aMortari, Luciana,$csuora.$0(OLS)http://pul/name/5331 700 0 $aOrigenes,$d184-253.$tHomiliae in Hieremiam.$0(OLS)http://pul/nameTitle/427$0(OLS)http://pul/name/1274$0(OLS)http://pul/title/132553 830 0$aCollana di testi patristici ;$v123.$0(OLS)http://pul/title/17027 850 $aPUL 852 $aPUL$W1$xSL Cons. Gen., Altre Classi 1$y1$m2000 E 123$j118065$qStampati$B117982$CPULBib$Z2$F117982 $H74034 $82 900 $aOrigene,$d184-253$91274 900 $aOrigene,$d184-253$91274 900 $aOrigene,$d184-253$91274 941 1 $a8 996 $6020$a88-311-3123-0$9(OLS)http://pul/number/134573 996 $6245$aOmelie su Geremia$9(OLS)http://pul/title/132552 996 $6260$aRoma :$bCittà Nuova$9(OLS)http://pul/publisher/47927